[Event "Match 79__120'/40"]
[Site "Zürich"]
[Date "2025.??.??"]
[Round "37"]
[White "Mephisto Explorer Pro"]
[Black "Mephisto Polgar sel. 5"]
[Result "1/2-1/2"]
[WhiteElo "2013"]
[BlackElo "1981"]
[Annotator "Utzinger,K"]
[PlyCount "228"]
[EventDate "2024.10.21"]
[EventType "match"]
[SourceVersionDate "2024.10.21"]

{[%evp 0,228,19,29,30,23,24,13,30,-67,-24,-40,2,-10,22,28,29,16,20,25,25,45,37,3,-4,-10,-19,-12,-6,-16,-17,-16,-10,-53,-14,-46,-44,-44,-31,-31,-27,-32,-45,-53,-52,-11,1,3,15,17,17,13,21,43,36,36,45,45,18,0,0,0,4,5,-29,0,0,0,0,0,0,0,78,54,53,53,53,53,54,53,47,67,81,94,143,120,123,127,157,159,153,162,153,153,162,50,51,51,70,0,0,0,0,-21,-2,-25,-28,0,0,-10,0,-6,0,0,0,0,0,0,0,0,0,0,0,0,0,0,0,0,0,0,0,0,0,0,0,0,0,0,0,-16,26,26,26,26,26,26,59,0,0,0,0,0,0,0,0,0,95,96,89,100,2,2,163,123,139,-36,-28,0,0,0,0,0,0,0,0,0,0,0,0,0,0,0,0,0,0,0,0,0,0,0,0,0,0,0,0,0,0,0,0,0,0,0,0,0,0,0,0,0,0,0,0,0,0,0,0,0,0,0,0,0,0,0,0,0,0,0,0,0,0,0,0]} 1. e4 e5 {Match 120'/40 | Bediener: Rolf Bühler | 37. Partie: Remis | Zwischenstand: 22,0-15,0 (59,4%) für Mephisto Explorer Pro / hypothetisch: 22,5-14,5 (60,8%) für Mephisto Explorer Pro | Eröffnung: Schottisch, Göring Gambit, 4...d5 | Eine beidseits gut geführte Partie, wenn da nicht das Turmendspiel wäre. Der sonst schon unglückliche Mephisto Polgar hat dabei insofern Glück, als der Mephisto Explorer Pro die vier Verlustzüge seines Gegners nicht nutzen kann. Deshalb Remis.} 2. Nf3 Nc6 3. d4 exd4 4. c3 {***ENDE BUCH***} d5 {Die beste Methode, das Göring Gambit abzulehnen und gleiches Spiel zu erlangen.} (4... dxc3 {ist durchaus spielbar, aber nach} 5. Nxc3 Bb4 6. Bc4 {hat Weiss gutes Figurenspiel und die bessere Entwicklung, so dass Schwarz auf der Hut sein muss, um nicht unter die Räder zu kommen.} d6 7. O-O Bxc3 8. bxc3 Nf6 9. e5 Nxe5 10. Nxe5 dxe5 11. Qb3 Qe7 12. Ba3 c5 13. Bb5+ Nd7 14. Rfe1 O-O 15. Rad1 Nf6 16. c4 b6 17. Bb2 e4 18. Qg3 Bf5 19. Rd5 Bg6 20. Re5 Qd6 21. h4 h5 22. Bc1 Rad8 23. Bf4 Qd4 24. Rg5 Ng4 25. Ba4 Qb2 26. Bc1 Qb4 27. Rxe4 Qxa4 28. Rexg4 hxg4 29. Be3 Qd1+ 30. Kh2 Qd6 31. Bf4 Qe6 32. h5 Bf5 33. h6 g6 34. h7+ Kxh7 35. Qh4+ Kg8 36. Bc1 f6 37. Bb2 Rf7 38. Rh5 gxh5 39. f3 Rg7 40. Qg3 Qd6 41. f4 Qd3 42. Qh4 Qe3 43. Qxf6 Qe7 44. Kh1 {1-0 (44) Firouzja,A (2737)-Alekseev,E (2550) Chess.com INT 2024}) 5. exd5 Qxd5 6. cxd4 Bg4 {Andere übliche Fortsetzungen sind 6...Lb4+ und 6...Sf6} 7. Nc3 Bb4 (7... Bxf3 8. Nxd5 Bxd1 9. Nxc7+ Kd7 10. Nxa8 Bh5 $11 {ist eine komplizierte zum Ausgleich führende Variante.}) 8. Be2 Bxf3 9. Bxf3 Qc4 {***ENDE BUCH***} 10. Qb3 Qxb3 11. Bxc6+ {Auch Weiss will dem Gegner eine Bauernschwäche anhängen.} bxc6 12. axb3 Ne7 13. Be3 {Eine Palette von Alternativen sind hier schon gespielt worden.} (13. Ke2 Nd5 14. Nxd5 cxd5 15. Bf4 Kd7 $11 {1-0 (32) Stocek,J (2604)-Oliveira,S (2321) Chess.com INT 2021}) (13. Ra6 Kd7 14. Kd1 Rab8 15. Kc2 Rb6 16. Ra4 a5 17. Rd1 {½-½ (17) Stanciu,T-Nacht,E Bucharest 1972 EXT 2017 [ChessBase II]}) (13. O-O a5 14. Bf4 O-O-O 15. Na2 Rhe8 16. Nxb4 axb4 $11 {0-1 (38) Spooner,M (2240)-MacKintosh,I (2240) ICCF email 2003}) 13... O-O 14. Ke2 Rfb8 $11 {[#] Die Stellung befindet sich im Gleichgewicht.} 15. Kd3 a5 16. h3 Nd5 17. Rhe1 $6 {Weshalb Weiss damit dem Gegner freiwill den Bauern b3 schenkt, ist zumindest fragwürdig, auch wenn die Engines das nicht als Fehler kritisieren. Denn Weiss erhält genügend Kompensation.} Bxc3 18. bxc3 Rxb3 $15 19. Bd2 f5 20. Kc2 a4 21. Re6 Rb6 22. c4 Nb4+ 23. Bxb4 Rxb4 24. Rxc6 {Und schon steht es auch materiell wieder gleich.} Rb7 25. Ra3 Rba7 26. Re6 Kf7 27. Re1 g5 28. Re5 Kf6 29. Rf3 f4 30. h4 h6 31. hxg5+ hxg5 32. Rh3 {oder} (32. g3 a3 33. Kb1 a2+ 34. Ka1 Rb8 35. Re1 Rab7 36. Re5 Ra7 37. Re1 Kf5 $11) 32... a3 33. Rh6+ Kf7 34. Rf5+ Kg7 35. Rh5 Ra6 36. Rhxg5+ {Dieser Bauerngewinn hat nichts zu bedeuten. Schwarz hat in seinem Freibauer auf der a-Linie genügend Kompensation.} Kh6 37. Rh5+ Kg6 38. Rfg5+ Kf7 39. Kb1 Rd6 40. Rd5 Rxd5 {Selbst Turmtausch kann sich Schwarz leisten.} (40... Rb6+ 41. Rb5 Rd6 42. d5 a2+ 43. Ka1 Rg6 44. Rh2 Kf6 45. Rb7 Rg7 46. c5 Ra5 47. d6 Rxc5 48. Kxa2 cxd6 $11) 41. Rxd5 {[#]} a2+ $2 {[%mdl 2] ***VERLUSTZUG" in einem zu schwierigen Turmendspiel.} (41... Kf6 42. Ka2 Rg8 43. Re5 Rxg2 44. Re2 f3 45. Rd2 Rg4 46. Rd3 Kf5 47. Rxf3+ Ke4 48. Rf7 Kxd4 49. Rxc7 Rg2 50. Kxa3 Rxf2 51. Kb4 Rb2+ 52. Ka5 Rb1 $11) 42. Ka1 $11 {droht mit Tf5+ nebst Txf4 rasch zu gewinnen} Ke6 43. Rc5 $2 {Vergibt den mit 43.Te5+ möglichen Sieg.} (43. Re5+ Kf6 44. Rc5 Ra7 45. f3 Kg6 (45... Ke7 46. Re5+ Kf6 47. Re4 Kg5 48. Re7 $18) 46. Rd5 Kf6 47. Rd7 Ke6 48. Rh7 Kf6 (48... Kd6 49. Rf7 Ra4 50. c5+ Kd5 51. Rxf4 $18) 49. d5 Ke5 50. Rd7 $18) {[#]} 43... Ra7 $2 $18 {[%mdl 2] Stolpert wieder in den ***VERLUST***, was mit 43...Tg8! = zu vermeiden gewesen wäre.} (43... Rg8 44. Kxa2 Rxg2 45. Re5+ Kf6 46. Re2 f3 47. Rd2 Kf5 48. d5 Ke5 49. c5 Rg8 50. Kb3 Rg1 51. d6 cxd6 52. cxd6 Rg8 53. Kc4 Rd8 54. Kc5 Ke6 55. Rd3 Rc8+ 56. Kb5 Rd8 57. Kc6 Rc8+ 58. Kb7 Rd8 $11) 44. Re5+ Kf6 45. Re4 Kf5 46. Re7 Kf6 47. Re2 $2 {Vergibt erneut den Sieg durch 47.Th7.} Ra4 48. Rc2 Kf5 49. d5 Ke4 50. Rxa2 Rxc4 51. Kb2 Kxd5 {Jetzt sollte die Partie fast offensichtlich mit Remis enden. Aber wie schon so oft gesehen, sind selbst klare Turmendspiele für unsere Oldies ein Buch mit sieben Siegeln.} 52. Ra5+ c5 53. Ra8 Ke4 54. Ra3 Rd4 55. Kc2 Rb4 56. Kc3 Ke5 57. Ra8 Rb1 58. Re8+ Kd5 59. Rd8+ Kc6 60. Rf8 Rb4 61. Rc8+ Kd5 62. Rd8+ Ke6 63. Rc8 Kd6 64. Rd8+ Kc7 65. Rh8 Rd4 66. Rh6 Kd7 67. Ra6 Re4 68. Kd3 Rb4 69. Ke2 Rb2+ 70. Kf3 Ke7 71. Rc6 (71. Kxf4 Rxf2+ 72. Kg3 Rf6 $11) 71... Rc2 72. Rh6 Ra2 73. Rh5 Kd6 ({Oder} 73... Rc2 74. Rf5 Kd6 75. Rxf4 c4 76. Ke3 Kc5 77. g4 Rc1 78. g5 Rg1 79. Rf5+ Kb4 80. Kd4 Rd1+ 81. Ke4 Rg1 82. f4 c3 83. Kd3 Rg3+ $11) 74. Rf5 c4 75. Rxf4 $11 {Weiss besitzt jetzt einen Bauern mehr, aber die Stellung ist theoretisch Remis, was bei unseren Oldies aber gar nicht heissen muss.} Kc5 76. Ke3 Kb4 77. g4 $11 {[#]} Ra6 $2 $18 {[%mdl 2] Erneuter ***VERLUSTZUG***, aber das darf man Schwarz nicht ankreiden, denn wie sollen unsere Oldies ein 7-Steiner Endspiel korrekt spielen können? Remis machen verschiedene Züge, wobei die "logische" Fortsetzung in 77...Kb3 besteht, was den weiteren Vormarsch des c-Bauern ermöglicht.} (77... Kb3 78. g5 c3 79. Rf8 Ra1 $1 80. Rb8+ Kc4 81. g6 Re1+ 82. Kf4 c2 83. Rc8+ Kd3 84. g7 Rg1 $11) 78. g5 $1 Kb3 79. Rf8 $2 {Wirft einmal mehr den Gewinn weg.} (79. Rf6 $1 $18) 79... Re6+ $1 80. Kd4 $11 {[#]} c3 $4 $18 {[%mdl 2] Stolpert erneut in den ***VERLUST***, denn richtig ist 80...Td6+ =} 81. Rb8+ $1 Kc2 {[#]} 82. Kc4 $2 $11 {Vergibt zum letzten Mal den Sieg.} (82. f4 $18 {gewinnt}) (82. Rc8 {gewinnt ebenfalls}) 82... Re4+ 83. Kd5 Rg4 $1 84. f4 Rxf4 {In dieser Remisstellung könnte eigentlich nur noch ein Programmfehler das Unentschieden verhindern.} 85. Ke5 Rg4 86. Kf5 Rg1 87. g6 Kd2 88. Rd8+ Ke3 89. Re8+ Kd4 90. Rd8+ Kc4 91. Rc8+ Kb3 92. Rb8+ Ka2 93. Rc8 Kb2 94. Rb8+ Kc1 95. Rb7 c2 96. g7 Kd1 97. Rd7+ Ke2 98. Rc7 Kd2 99. Rd7+ Kc3 100. Rc7+ Kb2 101. Rb7+ Ka3 102. Rc7 Kb2 103. Rb7+ Kc1 104. Kf6 Kd1 105. Rd7+ Ke2 106. Rc7 Kd2 107. Rd7+ Ke3 108. Rc7 Kd2 109. Rd7+ Kc3 110. Rc7+ Kd3 111. Rd7+ Ke4 112. Rc7 Kd3 113. Rd7+ Ke4 114. Rc7 Kd3 {***3x REMIS**} 1/2-1/2

[Event "Match 79__120'/40"]
[Site "Zürich"]
[Date "2025.??.??"]
[Round "38"]
[White "Mephisto Polgar sel. 5"]
[Black "Mephisto Explorer Pro"]
[Result "0-1"]
[WhiteElo "1981"]
[BlackElo "2013"]
[Annotator "Utzinger,K"]
[PlyCount "207"]
[EventDate "2024.10.21"]
[EventType "match"]
[SourceVersionDate "2024.10.21"]

{[%evp 0,207,19,38,69,83,76,42,43,36,48,10,11,7,2,12,11,11,19,-2,62,-4,39,22,36,32,41,-9,-12,-6,-1,-26,-20,-19,28,37,42,33,33,15,47,29,21,29,67,35,44,30,31,16,59,24,107,111,113,125,108,96,167,75,117,88,81,77,90,0,-2,-3,19,8,24,13,38,31,44,50,42,49,58,58,59,60,45,18,16,16,108,94,91,29,29,13,24,0,0,0,0,0,17,0,0,0,0,0,0,0,0,0,0,-1,0,-150,-150,-147,-147,-150,-150,-161,-147,-152,-153,-152,-152,-152,-152,-152,-147,-184,-184,-184,-141,-141,-133,-141,-133,-133,-133,-141,-141,-141,-141,-142,-141,-141,-141,-141,-141,-141,-122,-147,-135,-140,-140,-140,-140,-140,-140,-140,-140,-141,-141,-140,-140,-140,-119,-121,-122,-124,-117,-118,-84,-113,-99,-106,-113,-118,-118,-118,-99,-540,-515,-595,-602,-633,-568,-650,-646,-679,-650,-658,-754,-839,-746,-792,-811,-829,-1011,-1022,-1058,-1050,-1123,-1313,-1375,-1458,-1262,-1520,-1071,-1449,-1656,-1794]} 1. e4 c6 {Match 120'/40 | Bediener: Rolf Bühler | 38. Partie: Schwarz (Mephisto Explorer Pro) gewinnt | Zwischenstand: 23,0-15,0 (60,5%) für Mephisto Explorer Pro / hypothetisch: 22,5-15,5 (59,2%) für Mephisto Explorer Pro | Eröffnung: Caro Kann Verteidigung, Steinitz Variante | Im Mittelspiel agiert der Mephisto Polgar genauer und erhält zweimal Gewinnstellung. Leider nutzt das holländische Programm von Ed Schroeder seine Chancen nicht. Das nach 39...Td8 gleichstehende Turmendspiel behandeln beide Programme mit zwei Ausnahmen überraschend gut. Es ist dann aber nicht der Mephisto Explorer Pro, der stolpert. Den ersten Fehler seines Gegners vermag das Programm von Frans Morsch zwar nicht zu bestrafen. Doch nach seinem zweiten Fehler 89...Ta4+? muss der Mephisto Polgar bald die Waffen strecken.} 2. d4 d5 3. Nc3 dxe4 4. Nxe4 Nd7 5. Bc4 Ngf6 6. Ng5 e6 {***ENDE BUCH***} 7. Ne2 {***ENDE BUCH***} Bd6 8. O-O Qc7 {Besser zu gefallen vermag mir 8...h6 9.Sf3 Dc7, weil man das lästige 9.Lxe6!? vermeiden möchte, obwohl die Analyse zeigt, dass Schwarz nichts zu fürchten hat.} 9. Ng3 (9. Bxe6 $5 fxe6 10. Nxe6 Bxh2+ 11. Kh1 Qd6 12. Nxg7+ Kd8 13. Nf5 Qe6 14. Nh6 Re8 15. Nf4 Bxf4 16. Bxf4 $11) 9... c5 $6 {Bevor man die Stellung öffnet, sollte die Rochade vollzogen sein.} (9... O-O 10. Re1 (10. Bxe6 $6 fxe6 11. Nxe6 Qa5 12. Nxf8 Nxf8 13. c4 Be6 $17) 10... c5 11. Nxf7 (11. Bxe6 h6 12. Nxf7 Rxf7 13. Bxf7+ Kxf7 $11) (11. dxc5 Nxc5 $11) 11... Rxf7 12. Bxe6 Nb6 13. Bxf7+ Qxf7 $11) 10. Re1 {Nur mit dem Läuferopfer auf e6 kann Weiss einen Vorteil erreichen.} ({Stockfish 17:} 10. Bxe6 $5 {+/- (0.51) (58%) ST 58} O-O {Das Opfer muss abgelehnt werden.} (10... fxe6 $2 11. Nxe6 Qb6) 11. Bf5 cxd4 12. Nf3 Bxg3 13. fxg3 Ne5 14. Nxd4 Bxf5 15. Rxf5 Rfe8 16. Bf4 Nfd7 17. c3 g6 18. Bxe5 Nxe5 19. Rf2 a5 20. Re2 Qc5 21. Qe1 a4 22. Rd1 Re7 23. b4 axb3 24. axb3 Rae8 25. b4 Qb6 26. Qf2 Qc7 27. Re3 Ng4 28. Rxe7 Qxe7 29. Qf3 Qe3+ 30. Qxe3 Rxe3 31. h3 Nf6 32. Nb5 Ne4 33. Rd8+ Kg7 34. g4 Nxc3 35. Kf2 Re2+ 36. Kf3 Rc2 37. Nd6 Rb2 {[%eval 51,58] [%wdl 166,827,7]}) 10... Nb6 {Auch hier war die kurze Rochade mit Ausgleich besser.} 11. Bb5+ Bd7 12. Bxd7+ Qxd7 13. Nf5 O-O 14. Nxd6 Qxd6 15. dxc5 Qxc5 16. Be3 $11 {Die Stellung befindet sich im Gleichgewicht.} Qb5 {So ziemlich der schlechteste Platz für die Dame, allerdings ohne deswegen in spürbaren Nachteil zu kommen.} 17. b3 Rfd8 18. Qf3 Rd7 19. c4 Qb4 20. Ne4 Nxe4 21. Qxe4 Re8 22. Qg4 {+= (0.68) (59%) Weiss ist es gelungen, etwas Druck aufzubauen.} {[#]} Qc3 $2 {[%mdl 2] ***VERLUSTZUG*** Gemäss den Engines ist 22...Sc8 mit der Idee, nach e7 zu hüpfen richtig. Nach dem Textzug springt der Erwartungswert für Weiss von 59% auf 99% (+- 1.76). Aber die Variante, um diesen Vorteil zu erhalten, lässt sich mit unseren Oldies nicht erkennen.} 23. Rac1 {Das ergibt nur += statt +- für Weiss} ({PROMENADE-avx2:} 23. h4 {+- (1.95 ++) (100%) Depth: 50/66} Qb4 24. Rad1 Red8 25. h5 f5 26. Qe2 Rxd1 27. Rxd1 Rxd1+ 28. Qxd1 Qe7 29. h6 gxh6 30. Qf3 Qg7 31. g3 Nc8 32. Qf4 Qd7 33. Bd4 Ne7 34. Qb8+ Kf7 35. Qh8 Nc6 36. Qxh7+ Ke8 37. Qh8+ Kf7 38. Be3 e5 39. Qh7+ Ke8 40. Qxh6 Qf7 41. Qd6 Qd7 42. Qg6+ Qf7 43. Qxf7+ Kxf7 44. Kf1 Nb4 45. a4 Nc6 46. Ke2 Kg6 47. Kd3 Kh5 {[%eval 195,50] [%wdl 990,10,0]}) 23... Qb2 24. c5 Nc8 25. Rcd1 {[#]} Rxd1 $2 {[%mdl 2] Stolpert wieder in den ***VERLUST***. Natürlich sollte man dem Gegner nicht freiwillig die offene Linie überlassen.} 26. Qxd1 Qc3 (26... Qxa2 $2 {hat} 27. Qd7 Rf8 28. Qxb7 $18 {zur Folge und der weisse Freibauer auf der c-Linie wird sich als tödlich erweisen.}) 27. Rf1 Qb4 28. Qd7 Rf8 29. Rd1 $18 {Die weisse Stellung ist übermächtig geworden.} Qe4 30. a3 a5 31. Qd3 $6 {Zwar steht Weiss auch danach noch klar günstiger. Aber richtig wäre es gewesen, mit 31.h3 dem König ein Luftloch zu schaffen, wonach die weissen Figuren freie Hand hätten, weil die Gefahren eines Grundlinienmatts vom Tisch wären.} (31. h3 $1 h6 32. Qc7 e5 (32... Na7 33. Rd7 Qb1+ 34. Kh2 Qxb3 35. Qb6 Qxb6 36. cxb6 Nc6 37. Rxb7 $18) 33. Rd8 Qc6 34. Rd7 Qxc7 35. Rxc7 Re8 36. Rxb7 $18) 31... Qc6 32. f3 $2 {Gewinnstellung ade nach dieser faden Fortsetzung.} (32. Qd7 $1 Na7 33. Rd6 Qe4 34. h3 Qb1+ 35. Kh2 Qxb3 36. Rb6 Qd5 37. Qxb7 Qxb7 38. Rxb7 $18 {und gewinnt}) 32... Ne7 $1 33. b4 Qa4 {oder} (33... axb4 34. axb4 Qa4 35. Rb1 Qa2 36. Bf2 Nd5 37. b5 h6 38. h3 Ra8 $11) 34. b5 Nd5 35. Re1 Nxe3 36. Rxe3 Qf4 $11 {Es ist ein gleichwertiges, für unsere Oldies immer schwieriges Schwerfigurenendspiel entstanden.} 37. Re1 Qg5 38. Qe3 Qxe3+ 39. Rxe3 Rd8 $11 {[#] Und schon wieder steht ein Turmendspiel auf dem Brett mit beidseitigen Bauernmehrheiten an den Flügeln. Die Chancen stehen gleich, was bei Turmendspielen mit Brettschach-Computern gar nichts zu sagen hat. Hier gilt erfahrungsgemäss die einfache Regel: Der letzte Fehler verliert.} 40. Rc3 Kf8 {Schon mal ein guter Ansatz: Der König macht Anstalten, ins Zentrumn zu eilen.} 41. c6 bxc6 42. Rxc6 {Das ist etwas stärker als das Nehmen mit dem Bauern.} Rd3 43. a4 Rd4 44. b6 Rb4 {Richtig, der Turm gehört hinter den gegnerischen Freibauern.} (44... Rxa4 $4 {kann sich Schwarz schon nicht mehr leisten.} 45. b7 Rb4 46. Rc8+ Ke7 47. b8=Q Rxb8 48. Rxb8 $18) 45. Kf2 g6 46. Rc5 Rxb6 47. Rxa5 Rb2+ 48. Kg3 Ke7 49. Ra8 Ra2 50. Ra7+ Kf6 51. a5 h5 52. a6 e5 53. Ra8 Kf5 54. a7 {Kein Fehler, aber damit werden alle Pläne vereitelt, wo der weisse König auf a7 ein Schlupfloch finden könnte. Andererseits liegt der Vorteil von 54.a7 darin, dass der schwarze König stets zu beachten hat, dass er nicht auf ein Feld zieht, wo der gegnerische Turm von hinten ein Schachgebot hätte, was dann die Umwandlung des Bauern ermöglichen würde.} g5 55. h3 (55. h4 {ist aktiver} gxh4+ 56. Kxh4 Kf4 57. Rb8 Rxa7 58. Rb4+ Ke3 (58... Kf5 59. Kxh5 Ra2 60. g4+ Kf6 61. Rb6+ Kg7 62. g5 Ra4 $11) 59. Kxh5 Ra2 60. Re4+ Kd3 61. g4 Rf2 62. Rxe5 Rxf3 $11) 55... h4+ 56. Kh2 Ra1 $1 {Bringt Weiss in Zugzwang, so dass ein Bauer in die Binsen geht. Wenn dabei auch theoretisch noch nichts entschieden ist, sieht das aus Sicht unserer Oldies anders aus.} 57. Rc8 {Auch 57.g3 genügt zum Remis, während 57.g4? verliert.} (57. g3 Ra2+ 58. Kg1 hxg3 59. Rb8 Rxa7 60. Kg2 Ra3 (60... e4 61. fxe4+ Kf4 62. Rb3 Ra2+ 63. Kg1 g2 64. Rb6 Kf3 65. Kh2 $1 (65. Rb3+ $2 Kxe4 $19) 65... Kxe4 66. Rf6 Ra7 67. Kxg2 $11) 61. Rb4 (61. Kxg3 $4 e4 $19) (61. Rb5 Kf6 62. Rb4 $11) 61... Rc3 62. Ra4 Re3 63. Rg4 (63. Kxg3 $4 e4 $19) 63... e4 64. fxe4+ Rxe4 65. Rxg3 $11) (57. g4+ $4 Kf4 58. Kg2 (58. Rb8 Ra2+ 59. Kg1 Rxa7 60. Rb3 Ra2 61. Rc3 Kg3 $19) 58... Ra2+ 59. Kf1 Kxf3 60. Ke1 e4 $19) 57... Rxa7 58. Rc5 Rd7 59. Rc6 Rd2 60. Ra6 Rf2 61. Ra5 f6 62. Ra7 Re2 63. Rb7 Kf4 64. Rb4+ $2 {[%mdl 32768] Der erste ***VERLUSTZUG*** von Weiss in dieser Partie.} (64. Rb6 $1 f5 65. Rf6 $1 e4 66. fxe4 Rxe4 67. Ra6 g4 68. hxg4 fxg4 69. g3+ $1 hxg3+ 70. Kg2 Re2+ 71. Kg1 $11) 64... e4 $2 {Falsch, somit wieder ausgeglichen.} (64... Ke3 $1 65. Rb6 Kf2 $1 66. Rxf6 Kf1 67. Rf5 Rxg2+ 68. Kh1 Re2 69. Rxg5 Kf2 70. Rg4 Kxf3 71. Rxh4 Kg3 72. Rg4+ Kxh3 73. Rg8 Re1+ 74. Rg1 Rxg1+ 75. Kxg1 Kg3 $19) 65. fxe4 Rxe4 66. Rb2 Rd4 67. Kg1 Ke3 68. Rb3+ Rd3 69. Rb5 Rd1+ 70. Kh2 Ke4 71. Rb4+ Ke5 72. Rb5+ Kf4 73. Rb4+ Kf5 74. Rb6 Rd3 75. Kg1 Rd2 76. Ra6 Ke5 77. Ra5+ Kf4 78. Ra4+ Ke3 79. Ra3+ Ke4 80. Ra4+ Kd5 $11 {Alles deutet auf ein klares Remis hin.} 81. Ra6 Rd1+ 82. Kf2 Ke5 83. Ke3 Re1+ 84. Kf3 Kf5 85. Ra5+ Re5 86. Ra1 Rb5 87. Ra6 Rb3+ 88. Ke2 Kf4 {[#]} 89. Ra4+ $2 {[%mdl 32768] Der zweite und entscheidende ***VERLUSTZUG*** von Weiss. Dabei lag die Rettung so nah, wozu es gar zwei Alternativen gibt.} (89. Kf2 $1 {lässt den schwarzen König nicht nach g3} Rb2+ 90. Kg1 Rb1+ 91. Kh2 f5 92. Ra4+ Ke3 93. Ra3+ Ke2 94. Ra8 g4 95. hxg4 fxg4 96. Ra5 g3+ 97. Kh3 Rh1+ 98. Kg4 Kf2 99. Ra2+ Kg1 100. Rc2 Kh2 101. Kxh4 $11) (89. Rxf6+ {schnappt sich einfach einen Bauern} Kg3 90. Rf5 Rb2+ 91. Kf1 Rb1+ 92. Ke2 Kxg2 93. Rxg5+ Kxh3 94. Kf2 Rb2+ 95. Ke3 Rb3+ 96. Ke2 Rb4 97. Kf2 Rb1 98. Ke3 Kh2 99. Kf2 Rb2+ 100. Kf3 Rb3+ 101. Kg4 Rb4+ 102. Kf3 $11) 89... Kg3 90. Rg4+ Kh2 91. Ke1 (91. Kf1 Rg3 $19) 91... Kg1 92. Ke2 Rb2+ 93. Kd3 (93. Kf3 Rf2+ 94. Ke3 Rxg2 $19) 93... Rxg2 {Der Rest ist Schweigen.} 94. Rd4 Kh2 95. Rd5 Rf2 96. Ke3 Rf4 97. Ra5 Kxh3 98. Ra8 Kg3 99. Ra1 Rf3+ 100. Ke2 h3 101. Rg1+ Kf4 102. Ra1 g4 103. Rb1 h2 104. Rb4+ {***AUFGEGEBEN***} 0-1